Cuentos completos / (Record no. 188351)
[ view plain ]
| 000 -LEADER | |
|---|---|
| campo de control de longitud fija | 01468nam a2200289 i 4500 |
| 001 - NÚMERO DE CONTROL | |
| campo de control | 188351 |
| 003 - IDENTIFICADOR DE NÚMERO DE CONTROL | |
| campo de control | SpMaBN |
| 005 - FECHA Y HORA DE LA ÚLTIMA TRANSACCIÓN | |
| campo de control | 20250728084437.0 |
| 008 - DATOS DE LONGITUD FIJA--INFORMACIÓN GENERAL | |
| campo de control de longitud fija | 180831s1990 sp |||| |dspa d |
| 020 ## - NÚMERO INTERNACIONAL ESTÁNDAR DEL LIBRO | |
| Número Internacional Estándar del Libro | 84-85728-84-X (Obra completa) |
| 080 ## - NÚMERO DE LA CLASIFICACIÓN DECIMAL UNIVERSAL | |
| Número de la Clasificación Decimal Universal | 821.134.2-34"18" |
| 100 1# - ENTRADA PRINCIPAL--NOMBRE DE PERSONA | |
| Nombre de persona | Pardo Bazán, Emilia, |
| Títulos y otros términos asociados al nombre | Condesa de, |
| Fechas asociadas al nombre | 1851-1921 |
| 9 (RLIN) | 176434 |
| 245 10 - MENCIÓN DEL TÍTULO | |
| Título | Cuentos completos / |
| Mención de responsabilidad, etc. | Emilia Pardo Bazán ; estudio preliminar, edición, bibliografía, notas y censo de personajes de Juan Paredes Núñez. |
| 260 ## - PUBLICACIÓN, DISTRIBUCIÓN, ETC. | |
| Lugar de publicación, distribución, etc. | [La Coruña] : |
| Nombre del editor, distribuidor, etc. | Fundación "Pedro Barrié de la Maza, Conde Fenosa", |
| Fecha de publicación, distribución, etc. | [1990] |
| 300 ## - DESCRIPCIÓN FÍSICA | |
| Extensión | 4 v. ; |
| Dimensiones | 24 cm. |
| 500 ## - NOTA GENERAL | |
| Nota general | Índices. |
| 700 0# - ENTRADA AGREGADA--NOMBRE PERSONAL | |
| Nombre de persona | Paredes Núñez, Juan, |
| Fechas asociadas al nombre | 1949- |
| 9 (RLIN) | 89055 |
| 710 2# - ENTRADA AGREGADA--NOMBRE DE ENTIDAD CORPORATIVA | |
| Nombre de entidad corporativa o nombre de jurisdicción como elemento de entrada | Fundación Pedro Barrié de la Maza, Conde de Fenosa |
| 9 (RLIN) | 176439 |
| 852 ## - LOCALIZACIÓN | |
| Ubicación | ES-MaACL |
| Número de control de estantería | A-14229 |
| itemnumber | 195480 |
| Sublocalización o colección | R.151660 |
| Ubicación en estantería | Depósito 1 |
| Signatura antigua | Olim: N-7229 |
| Donativo/Legado | Donación: Fundación Pedro Barrié de la Maza |
| Designación de la unidad física | vol.1 |
| 852 ## - LOCALIZACIÓN | |
| Ubicación | ES-MaACL |
| Número de control de estantería | A-14230 |
| Sublocalización o colección | R.151660 |
| Ubicación en estantería | Depósito 1 |
| Signatura antigua | Oilm: N-7230 |
| Donativo/Legado | Donación: Fundación Pedro Barrié de la Maza |
| Designación de la unidad física | vol. 2 |
| itemnumber | 200928 |
| 852 ## - LOCALIZACIÓN | |
| Ubicación | ES-MaACL |
| Número de control de estantería | A-14231 |
| Sublocalización o colección | R.151660 |
| Ubicación en estantería | Depósito 1 |
| Signatura antigua | Olim: N-7231 |
| Designación de la unidad física | vol. 3 |
| Encuadernación | Donación: Fundación Pedro Barrié de la Maza |
| itemnumber | 200929 |
| 852 ## - LOCALIZACIÓN | |
| Ubicación | ES-MaACL |
| Número de control de estantería | A-14232 |
| Sublocalización o colección | R.151660 |
| Ubicación en estantería | Depósito 1 |
| Signatura antigua | Olim: N-7232 |
| Designación de la unidad física | vol.4 |
| Encuadernación | Donación: Fundación Pedro Barrié de la Maza |
| itemnumber | 200930 |
| 914 ## - NOMBRE ENTIDAD DE DONANTE | |
| Nombre de congreso/reunión o jurisdicción como elemento de entrada | Fundación Pedro Barrié de la Maza, Conde de Fenosa |
| Unidad subordinada | Donante |
| RLIN | 176439 |
| 942 ## - ELEMENTOS DE ENTRADA SECUNDARIOS (KOHA) | |
| Fuente del sistema de clasificación o colocación | Clasificación decimal universal |
| Tipo de ítem Koha | Libro impreso |
| Estatus retirado | Estado de pérdida | Fuente del sistema de clasificación o colocación | Estado de daño | No para préstamo | Biblioteca de origen | Biblioteca actual | Ubicación en estantería | Fecha de adquisición | Fuente de adquisición | Enumeración/cronología de publicación seriada | Total de préstamos | Signatura topográfica completa | Código de barras | Visto por última vez | Precio de reemplazo | Tipo de ítem Koha |
|---|---|---|---|---|---|---|---|---|---|---|---|---|---|---|---|---|
| Clasificación decimal universal | Biblioteca del Ateneo de Madrid | Biblioteca del Ateneo de Madrid | Depósito 1 | 19/12/2023 | Donación | v.1 | A-14229 | 1199245 | 23/02/2023 | 19/12/2023 | Libro impreso | |||||
| Clasificación decimal universal | Biblioteca del Ateneo de Madrid | Biblioteca del Ateneo de Madrid | Depósito 1 | 19/12/2023 | Donación | v.2 | A-14230 | 101206206 | 19/12/2023 | 19/12/2023 | Libro impreso | |||||
| Clasificación decimal universal | Biblioteca del Ateneo de Madrid | Biblioteca del Ateneo de Madrid | Depósito 1 | 19/12/2023 | Donación | v.3 | A-14231 | 101206207 | 19/12/2023 | 19/12/2023 | Libro impreso | |||||
| Clasificación decimal universal | Biblioteca del Ateneo de Madrid | Biblioteca del Ateneo de Madrid | Depósito 1 | 19/12/2023 | Donación | v.4 | A-14232 | 101206208 | 19/12/2023 | 19/12/2023 | Libro impreso |
